Internationale Gerechtigkeit und Institutionelle Verantwortung.

Bibliographic Details
Main Author: Nida-Rümelin, Julian.
Other Authors: Daniels, Detlef., Wloka, Nicole.
Format: eBook
Language:German
Published: Berlin/Boston : Walter de Gruyter GmbH, 2019.
Edition:1st ed.
Subjects:
Online Access:Click to View
LEADER 03629nam a22003853i 4500
001 EBC6637728
003 MiAaPQ
005 20231204023217.0
006 m o d |
007 cr cnu||||||||
008 231204s2019 xx o ||||0 ger d
020 |a 9783110615876  |q (electronic bk.) 
035 |a (MiAaPQ)EBC6637728 
035 |a (Au-PeEL)EBL6637728 
035 |a (OCoLC)1102799727 
040 |a MiAaPQ  |b eng  |e rda  |e pn  |c MiAaPQ  |d MiAaPQ 
100 1 |a Nida-Rümelin, Julian. 
245 1 0 |a Internationale Gerechtigkeit und Institutionelle Verantwortung. 
250 |a 1st ed. 
264 1 |a Berlin/Boston :  |b Walter de Gruyter GmbH,  |c 2019. 
264 4 |c {copy}2019. 
300 |a 1 online resource (438 pages) 
336 |a text  |b txt  |2 rdacontent 
337 |a computer  |b c  |2 rdamedia 
338 |a online resource  |b cr  |2 rdacarrier 
505 0 |a Intro -- Vorwort -- Inhalt -- Abkürzungsverzeichnis -- Einführung -- Zwischen internationaler Gerechtigkeit und institutioneller Verantwortung -Übersicht über die Beiträge des Sammelbands -- Teil 1: Normative Grundlagen und politische Kontexte -- Verantwortung für internationale Gerechtigkeit: Die globale Herausforderung -- Eine kritische Theorie transnationaler (Un-)Gerechtigkeit -- Kosmopolitismus, Kommunitarismus und die Demokratie -- Teil 2: Genealogien und Narrative -- Zur Geschichte und Theorie des Globalen Konstitutionalismus. Gegenwärtige Herausforderungen des Globalen Konstitutionalismus -- Internationale Gerechtigkeit und institutionelle Verantwortung: Eine europäische Geschichte der longue durée -- Vorüberlegungen zu einer Genealogie kosmopolitischen Denkens -- Teil 3: Brexit and Beyond. Zur Zukunft der Europäischen Union -- Europa als politischer Großversuch. Nachdenken über Motive der Gegner der EU -- Brexit and Beyond: Zur Zukunft der Europäischen Union -- Towards a Franco-German Approach on Euro Area's Economic Governance -- Teil 4: Migration und Identität -- Migration, Flucht und der liberale Staat -- Zur Legitimität von Staatlichkeit: Eine kosmopolitische Kritik offener Grenzen -- Responsibility for Immigrants under International Law -- Globale (Un)gerechtigkeiten? -- The Jus Post Bellum and the Responsibility toward Refugees of War -- Teil 5: Ökonomie und Ressourcen -- Globale Energiegerechtigkeit. Ethische Fragen -- Bioprospecting - Gerechte Verteilung genetischer Ressourcen -- Brücken bauen mit moderner Erdsystemforschung - Wasser im Fokus internationaler Ressourcengerechtigkeit und des Schutzes vor Georisiken -- Die strukturelle Perspektive auf globale Gerechtigkeit und die Verantwortung epistemischer Gemeinschaften -- Teil 6: Politik und Religion -- Politische Ordnung als Bedingung religiöser Freiheit. 
505 8 |a Bürgerschaft und kulturelle Identität -- Ecclesial Life and Political Practice: Re-Appropriating Augustine's Political Rhetoric in Contexts of Risk and Counter-Terrorism Strategy -- Personenregister. 
588 |a Description based on publisher supplied metadata and other sources. 
590 |a Electronic reproduction. Ann Arbor, Michigan : ProQuest Ebook Central, 2023. Available via World Wide Web. Access may be limited to ProQuest Ebook Central affiliated libraries.  
655 4 |a Electronic books. 
700 1 |a Daniels, Detlef. 
700 1 |a Wloka, Nicole. 
776 0 8 |i Print version:  |a Nida-Rümelin, Julian  |t Internationale Gerechtigkeit und Institutionelle Verantwortung  |d Berlin/Boston : Walter de Gruyter GmbH,c2019 
797 2 |a ProQuest (Firm) 
856 4 0 |u https://ebookcentral.proquest.com/lib/matrademy/detail.action?docID=6637728  |z Click to View